| 000 | 01391cas a2200229 4500 | ||
|---|---|---|---|
| 999 |
_c2806 _d2806 |
||
| 003 | OSt | ||
| 005 | 20260331165803.0 | ||
| 008 | 170323n eng u | ||
| 020 | _a10090521496X | ||
| 035 | _a(Sirsi) a201986 | ||
| 040 |
_cLC _dUNZA _eRDA |
||
| 050 |
_aSF 911 _bBSA 2006 |
||
| 245 |
_aBSAVA manual of Rabbit medicine and surgery/ _cedited by Anna Meredith MA VetMB CertLAS DZooMed MRCVS Royal (Dick) School of Veterinary Susues, The University of Edinburg Hospital f0r small Animals, EasternBush Veterniary Center, Roslin, Midhothian EH25 9RG, Paul Flecknell, MA VetMB PhD DLAS DipECLAM DipECVA MRCVS, Comperative Biology Center, University of Newcastle Medical School, Framlington Place, Newcastle NE2 4HH |
||
| 250 | _a2nd ed. | ||
| 260 |
_aQuedgeley: _bBSAVA, _c2006 |
||
| 300 |
_aviii, 213p: _bill. |
||
| 504 | _aIncludes bibliographical references and index. | ||
| 650 | _aVeterinary medicine | ||
| 700 |
_aMeredith, A.edited by Anna Meredith MA VetMB CertLAS DZooMed MRCVS Royal (Dick) School of Veterinary Susues, The University of Edinburg Hospital f0r small Animals, EasternBush Veterniary Center, Roslin, Midhothian EH25 9RG _eEditor |
||
| 700 |
_aFlecknell, P. Paul Flecknell, MA VetMB PhD DLAS DipECLAM DipECVA MRCVS, Comperative Biology Center, University of Newcastle Medical School, Framlington Place, Newcastle NE2 4HH _eEditor |
||
| 942 |
_2lcc _cBOOK |
||